000 00733cab a2200265 4500
001 X306
008 090401t1992 xxu||||| |||| 00| 0 eng d
035 _a(Sirsi) u65001
041 _aeng
100 _aGibb, R.A.
245 4 _aThe Channel Tunnel rail link and regional development : an evaluation of British Rail`s procedures and policies
260 _c1992
350 _a0
490 _aGeographical Journal
_v158(3) November 1992, 273-285(13)
650 _aBRITISH RAIL
650 _aCHANNEL TUNNEL
650 _aEUROPE
650 _aRAILWAYS
650 _aREGIONS
690 _aBUILDING AND CONSTRUCTION-PROJECTS
700 _aKnowles, R.D.
700 _aFarrington, J.H.
942 _n0
948 _c04/03/1997
999 _c40509
_d40509